书目信息 |
| 题名: |
功罪千秋:花园口事件研究
|
|
| 作者: | 渠长根 著 | |
| 分册: | ||
| 出版信息: | 兰州 兰州大学出版社 2003.08 |
|
| 页数: | 478页 | |
| 开本: | 20cm | |
| 丛书名: | ||
| 单 册: | ||
| 中图分类: | K265.22 | |
| 科图分类: | ||
| 主题词: | 中国--历史 | |
| 电子资源: | ||
| ISBN: | 7-311-02239-8 | |
| 000 | 00657nam0 2200205 45 | |
| 001 | 0457122075 | |
| 005 | 2004051815520185 | |
| 010 | @a7-311-02239-8@dCNY 32.00 | |
| 100 | @a20040518d2003 km y0chiy0120 ea | |
| 101 | 0 | @achi |
| 102 | @aCN@b620000 | |
| 200 | 1 | @a功罪千秋:花园口事件研究@AGong Zui Qian Qiu:Hua Yuan Kou Shi Jian Yan Jiu@e花园口事件研究@f渠长根著@FQu Chang Gen Zhu |
| 210 | @a兰州@c兰州大学出版社@d2003.08 | |
| 215 | @a478页@d20cm | |
| 517 | @a花园口事件研究@AHua Yuan Kou Shi Jian Yan Jiu | |
| 606 | 0 | @a中国@x历史 |
| 690 | @aK265.22@v3 | |
| 701 | 0 | @a渠长根@AQu Chang Gen@4著 |
| 801 | 0 | @aCN@bPFT@c20040518 |
| 905 | @a安徽大学@dK265.22@eQ818 | |
| 功罪千秋:花园口事件研究:花园口事件研究/渠长根著.-兰州:兰州大学出版社,2003.08 |
| 478页;20cm |
| ISBN 7-311-02239-8:CNY 32.00 |
| ● |
| 相关链接 |
|
|
|
正题名:功罪千秋:花园口事件研究
索取号:K265.22/Q818
 
预约/预借
| 序号 | 登录号 | 条形码 | 馆藏地/架位号 | 状态 | 备注 |
| 1 | 375884 | 203758843 | 社科库309/309社科库 36排6列5层/ [索取号:K265.22/Q818] | 在馆 | |
| 2 | 375885 | 203758852 | 社科库309/309社科库 36排6列5层/ [索取号:K265.22/Q818] | 在馆 | |
| 3 | 375886 | 203758861 | 社科库309/309社科库 36排6列5层/ [索取号:K265.22/Q818] | 在馆 |